دراسات في نقد الأدب العربي : (Record no. 8035)
[ view plain ]
| 000 -الفاتح | |
|---|---|
| حقل البيانات ثابتة الطول | 01104cam a22002651a 4500 |
| 003 - محدد رقم الضبط | |
| رقم الضبط | EG-ScBUE |
| 005 - وقت وتاريخ اخر تعامل مع التسجيلة | |
| رقم الضبط | 20200120115024.0 |
| 008 - عناصر البيانات ثابتة الطول - معلومات عامة | |
| حقل البيانات ثابتة الطول | 110904s1975 ua f b 000 0 ara d |
| 040 ## - مصدر الفهرسة | |
| وكالة الفهرسة الأصلية | EG-ScBUE |
| لغة الفهرسة | ara |
| قواعد الوصف | rda |
| وكالة النسخ | EG-ScBUE |
| وكالة التعديل | EG-ScBUE |
| 082 04 - رقم تصنيف ديوى العشرى | |
| رقم التصنيف | 892.709 |
| رقم المادة | ط ب ا |
| رقم الطبعة | 22 |
| 100 1# - المدخل الرئيسى - إسم شخصى | |
| الإسم الشخصى | طبانة، بدوي، |
| التواريخ المصاحبة للاسم | 1914-2000، |
| الدور | مؤلف. |
| 9 (RLIN) | 26984 |
| 245 10 - بيان العنوان | |
| العنوان | دراسات في نقد الأدب العربي : |
| بقية العنوان | من الجاهلية إلى نهاية القرن الثالث / |
| بيان المسئوليه,etc | الدكتور بدوي طبانة. |
| 250 ## - بيان الطبعة | |
| بيان الطبعة | الطبعة السابعة، مزيدة ومنقحة. |
| 264 #1 - النشر، التوزيع | |
| مكان الناشر او الموزع | [القاهرة] : |
| اسم الناشر او الموزع | مكتبة الأنجلو المصرية، |
| تاريخ النشر أو التوزيع | 1975. |
| 300 ## - الوصف المادى | |
| التعداد | 308 صفحة ؛ |
| أبعاد الوعاء | 24 سم |
| 336 ## - نوع المحتوى | |
| source | rdacontent |
| Carrier Type Term | نص |
| Content Type Code | txt |
| 337 ## - نوع الوسيط | |
| source | rdamedia |
| Media Type Term | بدون وسيط |
| Media Type Code | n |
| 338 ## - نوع الحامل أو الناقل | |
| source | rdacarrier |
| Carrier Type Term | مجلد |
| Carrier Type Code | nc |
| 504 ## - تبصرة ببليوجرافية | |
| تبصرة ببليوجرافية,الخ | يشتمل على إرجاعات ببليوجرافية. |
| 590 ## - تبصرة محلية(RLIN) | |
| تبصرة محلية | Asmaa mohamed |
| 650 #7 - المدخل الاضافى بالموضوع-مصطلح موضوعى | |
| مصطلح موضوعي أو اسم جغرافي كعنصر مدخل | الأدب العربي |
| التقسيم الفرعي العام | تاريخ ونقد. |
| مصدر الرأس أو المصطلح | BUEsh |
| 9 (RLIN) | 21664 |
| 653 ## - مصطلح تكشيفى غير مقيد | |
| Resource For college | Arabic Literature |
| Arrived date list | January2020 |
| 655 ## - مصطلح تكشيفى-نوع/شكل | |
| التقسيم الفرعي الشكلي | Reading book |
| 942 ## - عناصر المدخل الإضافي( كوها) | |
| Koha [default] item type | Book - Borrowing |
| سابقة رقم الطلب | 892.709 ط ب ا |
| مصدر التصنيف او مخطط الترفيف | Dewey Decimal Classification |
| حالة التراجع | حالة الفقد | مصدر التصنيف او خطة الترفيف | حالة تلف | ليس للاعارة | مجموعات كوها | المكان الدائم | المكان الحالي | موقع الترفيف | تاريخ الاكتساب | Source of acquisition | رقم الاستدعاء | الباركود | Date last seen | نوع الوعاء |
|---|---|---|---|---|---|---|---|---|---|---|---|---|---|---|
| Dewey Decimal Classification | Alef-Baa | Central Library | Central Library | Second Floor | 19/02/2008 | Purchase | 892.709 ط ب ا | 000009823 | 15/07/2025 | Book - Borrowing |